Joan Miró y Cataluña (Record no. 1557)

MARC details
000 -LEADER
campo de control de longitud fija 00654nam a22001337a 4500
008 - DATOS DE LONGITUD FIJA--INFORMACIÓN GENERAL
campo de control de longitud fija 180718b xxu||||| |||| 00| 0 eng d
082 ## - NÚMERO DE LA CLASIFICACIÓN DECIMAL DEWEY
Número de clasificación 759.6
Número de ítem P471j
100 ## - ENTRADA PRINCIPAL--NOMBRE DE PERSONA
Nombre de persona Perucho, Juan
9 (RLIN) 6539
245 ## - MENCIÓN DEL TÍTULO
Título Joan Miró y Cataluña
260 ## - PUBLICACIÓN, DISTRIBUCIÓN, ETC.
Lugar de publicación, distribución, etc. Barcelona, España
Nombre del editor, distribuidor, etc. Ediciones Poligrafa S.A.
Fecha de publicación, distribución, etc. s.f.
300 ## - DESCRIPCIÓN FÍSICA
Extensión 273 p.
Otras características físicas ill (col)
Dimensiones 26 x 27 cm
505 ## - NOTA DE CONTENIDO CON FORMATO
Título En el origen de lo creado
-- Raíz y esencia del arte de Joan Miró
-- Obra pictórica
-- Murales
-- Escultor y ceramista
-- Internacionalidad de Joan Miró
-- Cronología biográfica de Joan Miró
-- Índice de obras
-- Bibliografía sumaria
650 ## - PUNTO DE ACCESO ADICIONAL DE MATERIA--TÉRMINO DE MATERIA
Fuente del encabezamiento o término Arte moderno
Subdivisión general Arte - pintura
-- Pintores españoles
Subdivisión geográfica Arte - España
9 (RLIN) 6540
Holdings
Estatus retirado Estado de pérdida Fuente del sistema de clasificación o colocación Estado de daño No para préstamo Biblioteca de origen Biblioteca actual Ubicación en estantería Fecha de adquisición Total de préstamos Signatura topográfica completa Código de barras Visto por última vez Precio de reemplazo Tipo de ítem Koha
    Clasificación Decimal Dewey     Biblioteca LadoV Biblioteca LadoV   18/07/2018   759.6 P471j 001074 18/07/2018 18/07/2018 Material 01